Huella farmaceútica española en Filipinas (Record no. 185314)

MARC details
000 -LEADER
campo de control de longitud fija 01005nam a2200229 i 4500
001 - NÚMERO DE CONTROL
campo de control 185314
003 - IDENTIFICADOR DE NÚMERO DE CONTROL
campo de control SpMaBN
005 - FECHA Y HORA DE LA ÚLTIMA TRANSACCIÓN
campo de control 20240111174112.0
008 - DATOS DE LONGITUD FIJA--INFORMACIÓN GENERAL
campo de control de longitud fija 160519s2016 sp ap |||| |dspa d
080 ## - NÚMERO DE LA CLASIFICACIÓN DECIMAL UNIVERSAL
Número de la Clasificación Decimal Universal 615(599)"15/18"
100 1# - ENTRADA PRINCIPAL--NOMBRE DE PERSONA
Nombre de persona Castillo García, Benito del.
9 (RLIN) 36744
245 10 - MENCIÓN DEL TÍTULO
Título Huella farmaceútica española en Filipinas
Resto del título : discurso leído en la solemne sesión inaugural del curso celebrada el 14 de enero de 2016 por el Excmo. Sr. D. Benito del Castillo García.
260 ## - PUBLICACIÓN, DISTRIBUCIÓN, ETC.
Lugar de publicación, distribución, etc. Madrid :
Nombre del editor, distribuidor, etc. Real Academia Nacional de Farmacia,
Fecha de publicación, distribución, etc. 2016.
300 ## - DESCRIPCIÓN FÍSICA
Extensión 149 p. :
Otras características físicas il. ;
Dimensiones 25 cm.
504 ## - NOTA DE BIBLIOGRAFÍA, ETC.
Nota de bibliografía, etc. Bibliografía: p. 145-149.
650 #7 - PUNTO DE ACCESO ADICIONAL DE MATERIA--TÉRMINO DE MATERIA
Término de materia o nombre geográfico como elemento de entrada Farmacia-
Subdivisión geográfica Filipinas
Fuente del encabezamiento o término
9 (RLIN) 159569
710 2# - ENTRADA AGREGADA--NOMBRE DE ENTIDAD CORPORATIVA
Nombre de entidad corporativa o nombre de jurisdicción como elemento de entrada Real Academia Nacional de Farmacia (España)
9 (RLIN) 148565
852 ## - LOCALIZACIÓN
Ubicación ES-MaACL
Número de control de estantería A-13753
itemnumber 192339
Sublocalización o colección R.151076
Ubicación en estantería Depósito 1
Signatura antigua Olim: N-6753
Anotaciones manuscritas Dedicatoria autógrafa del autor
Donativo/Legado Donación: Benito del Castillo García
903 ## - NOMBRE PERSONAL DE DONANTE
9 36744
a Castillo García, Benito del
e Donante
942 ## - ELEMENTOS DE ENTRADA SECUNDARIOS (KOHA)
Fuente del sistema de clasificación o colocación Clasificación decimal universal
Tipo de ítem Koha Libro impreso
Holdings
Estatus retirado Estado de pérdida Fuente del sistema de clasificación o colocación Estado de daño No para préstamo Colección Biblioteca de origen Biblioteca actual Ubicación en estantería Fecha de adquisición Fuente de adquisición Total de préstamos Signatura topográfica completa Código de barras Visto por última vez Precio de reemplazo Tipo de ítem Koha Nota pública
    Clasificación decimal universal     Libros con dedicatorias Biblioteca del Ateneo de Madrid Biblioteca del Ateneo de Madrid Depósito 1 19/05/2016 Donación   A-13753 1195241 23/02/2023 23/02/2023 Libro impreso Dedicatoria autógrafa del autor